Statistics for Outlines of Oceania

Click here to take the quiz!

General Stats

  • This quiz has been taken 19 times
  • The average score is 9 of 14

Answer Stats

Answer% Correct
New Zealand
100%
Australia
90%
Papua New Guinea
90%
Fiji
80%
Micronesia
80%
Solomon Islands
80%
Kiribati
70%
Palau
70%
Samoa
70%
Tonga
70%
Tuvalu
70%
Marshall Islands
60%
Narau
0%
Vanatu
0%

Score Distribution

Percentile by Number Answered

Percent of People with Each Score

Your Score History

You have not taken this quiz